<?xml version="1.0" encoding="UTF-8"?>
<record
    xmlns:xsi="http://www.w3.org/2001/XMLSchema-instance"
    xsi:schemaLocation="http://www.loc.gov/MARC21/slim http://www.loc.gov/standards/marcxml/schema/MARC21slim.xsd"
    xmlns="http://www.loc.gov/MARC21/slim">

  <leader>00896nam a22002297a 4500</leader>
  <controlfield tag="003">DO-SdBNP</controlfield>
  <controlfield tag="005">20230731111320.0</controlfield>
  <controlfield tag="007">ta</controlfield>
  <controlfield tag="008">210913e2018    dr ||||frf||| 00| 0 spa d</controlfield>
  <datafield tag="040" ind1=" " ind2=" ">
    <subfield code="a">DO-SdBNP</subfield>
    <subfield code="b">spa</subfield>
    <subfield code="c">BNPHU</subfield>
  </datafield>
  <datafield tag="082" ind1=" " ind2="4">
    <subfield code="2">22</subfield>
    <subfield code="b">Q71g</subfield>
  </datafield>
  <datafield tag="110" ind1=" " ind2=" ">
    <subfield code="a">Universidad Nacional a Distancia,</subfield>
    <subfield code="c">Santiago de los caballeros, Rep&#xFA;blica Dominicana </subfield>
    <subfield code="d">2018</subfield>
    <subfield code="9">79861</subfield>
  </datafield>
  <datafield tag="245" ind1="1" ind2="0">
    <subfield code="a">54 quincuag&#xE9;sima cuarta graduaci&#xF3;n ordinaria :</subfield>
    <subfield code="b">programa /</subfield>
    <subfield code="c">presentaci&#xF3;n &#xC1;ngel Hern&#xE1;ndez.</subfield>
  </datafield>
  <datafield tag="246" ind1="0" ind2="4">
    <subfield code="a"> Quincuag&#xE9;sima cuarta graduaci&#xF3;n ordinaria :</subfield>
    <subfield code="b">programa </subfield>
  </datafield>
  <datafield tag="260" ind1=" " ind2=" ">
    <subfield code="a">Santiago de los Caballeros, Rep&#xFA;blica Dominicana :</subfield>
    <subfield code="b">UAPA,</subfield>
    <subfield code="c">2017</subfield>
  </datafield>
  <datafield tag="300" ind1=" " ind2=" ">
    <subfield code="a">65 p. ; </subfield>
    <subfield code="c">22 cm. </subfield>
  </datafield>
  <datafield tag="590" ind1=" " ind2=" ">
    <subfield code="a">Inventariado 2021 / MF</subfield>
  </datafield>
  <datafield tag="700" ind1=" " ind2=" ">
    <subfield code="9">11092</subfield>
    <subfield code="a">Hern&#xE1;ndez, &#xC1;ngel,</subfield>
    <subfield code="4">presentaci&#xF3;n</subfield>
  </datafield>
  <datafield tag="710" ind1="2" ind2="0">
    <subfield code="9">38537</subfield>
    <subfield code="a">Universidad Nacional a Distancia, UAPA</subfield>
  </datafield>
  <datafield tag="830" ind1=" " ind2=" ">
    <subfield code="a">Universidad Nacional a Distancia</subfield>
    <subfield code="l">spa</subfield>
    <subfield code="9">79850</subfield>
  </datafield>
  <datafield tag="942" ind1=" " ind2=" ">
    <subfield code="2">ddc</subfield>
    <subfield code="c">LBS1</subfield>
  </datafield>
  <datafield tag="952" ind1=" " ind2=" ">
    <subfield code="0">0</subfield>
    <subfield code="1">0</subfield>
    <subfield code="2">ddc</subfield>
    <subfield code="5">1</subfield>
    <subfield code="7">0</subfield>
    <subfield code="8">PD</subfield>
    <subfield code="a">BNPHU</subfield>
    <subfield code="b">PD</subfield>
    <subfield code="c">HD</subfield>
    <subfield code="d">2017-08-10</subfield>
    <subfield code="e">Donado por Editora B&#xFA;ho</subfield>
    <subfield code="l">0</subfield>
    <subfield code="o">Q71g</subfield>
    <subfield code="p">2021-26428</subfield>
    <subfield code="r">2021-09-13</subfield>
    <subfield code="w">2021-09-13</subfield>
    <subfield code="y">LFPD</subfield>
  </datafield>
  <datafield tag="952" ind1=" " ind2=" ">
    <subfield code="0">0</subfield>
    <subfield code="1">0</subfield>
    <subfield code="2">ddc</subfield>
    <subfield code="5">1</subfield>
    <subfield code="7">0</subfield>
    <subfield code="8">PD</subfield>
    <subfield code="a">BNPHU</subfield>
    <subfield code="b">PD</subfield>
    <subfield code="c">HD</subfield>
    <subfield code="d">2017-08-10</subfield>
    <subfield code="e">Donado por Editora B&#xFA;ho</subfield>
    <subfield code="l">0</subfield>
    <subfield code="o">Q71g</subfield>
    <subfield code="p">2021-26429</subfield>
    <subfield code="r">2021-09-13</subfield>
    <subfield code="t">e.2</subfield>
    <subfield code="w">2021-09-13</subfield>
    <subfield code="y">LFPD</subfield>
  </datafield>
  <datafield tag="952" ind1=" " ind2=" ">
    <subfield code="0">0</subfield>
    <subfield code="1">0</subfield>
    <subfield code="2">ddc</subfield>
    <subfield code="5">6</subfield>
    <subfield code="7">0</subfield>
    <subfield code="8">DS</subfield>
    <subfield code="a">BNPHU</subfield>
    <subfield code="b">GR</subfield>
    <subfield code="c">HD</subfield>
    <subfield code="d">2017-08-10</subfield>
    <subfield code="e">Donado por Editora B&#xFA;ho</subfield>
    <subfield code="l">0</subfield>
    <subfield code="o">Q71g</subfield>
    <subfield code="p">2021-26430</subfield>
    <subfield code="r">2021-09-13</subfield>
    <subfield code="t">e.3</subfield>
    <subfield code="w">2021-09-13</subfield>
    <subfield code="y">LFDS</subfield>
  </datafield>
  <datafield tag="952" ind1=" " ind2=" ">
    <subfield code="0">0</subfield>
    <subfield code="1">0</subfield>
    <subfield code="2">ddc</subfield>
    <subfield code="5">6</subfield>
    <subfield code="7">0</subfield>
    <subfield code="8">DS</subfield>
    <subfield code="a">BNPHU</subfield>
    <subfield code="b">GR</subfield>
    <subfield code="c">HD</subfield>
    <subfield code="d">2018-11-27</subfield>
    <subfield code="l">0</subfield>
    <subfield code="o">Q71g</subfield>
    <subfield code="p">2021-26431</subfield>
    <subfield code="r">2021-09-13</subfield>
    <subfield code="t">e.4</subfield>
    <subfield code="w">2021-09-13</subfield>
    <subfield code="y">LFDS</subfield>
  </datafield>
  <datafield tag="952" ind1=" " ind2=" ">
    <subfield code="0">0</subfield>
    <subfield code="1">0</subfield>
    <subfield code="2">ddc</subfield>
    <subfield code="5">6</subfield>
    <subfield code="7">0</subfield>
    <subfield code="8">DS</subfield>
    <subfield code="a">BNPHU</subfield>
    <subfield code="b">GR</subfield>
    <subfield code="c">HD</subfield>
    <subfield code="d">2018-11-27</subfield>
    <subfield code="e">Inventariado, 2021 /MF</subfield>
    <subfield code="l">0</subfield>
    <subfield code="o">Q71g</subfield>
    <subfield code="p">2021-26432</subfield>
    <subfield code="r">2021-09-13</subfield>
    <subfield code="t">e.5</subfield>
    <subfield code="w">2021-09-13</subfield>
    <subfield code="y">LFDS</subfield>
  </datafield>
  <datafield tag="999" ind1=" " ind2=" ">
    <subfield code="c">50482</subfield>
    <subfield code="d">50482</subfield>
  </datafield>
</record>
